Vista normal
Vista MARC
Entrada Autor Personal
Número de registros utilizados en: 1
001 - CONTROL NUMBER
- control field: 477
003 - CONTROL NUMBER IDENTIFIER
- control field: OSt
005 - DATE AND TIME OF LATEST TRANSACTION
- control field: 20180504090340.0
008 - FIXED-LENGTH DATA ELEMENTS
- fixed length control field: 180504|| aca||aabn | a|a d
040 ## - CATALOGING SOURCE
- Original cataloging agency: OSt
100 ## - HEADING--PERSONAL NAME
- Personal name: MILL, JOHN STUART, 1806-1873




